• 首页
  • 本馆介绍
  • 公告通知
  • 最新文献
  • 馆藏检索
  • 电子资源
  • 读者导购
  • 参考咨询
  • 我的图书馆
  • 登录
  • 详细信息显示
  • 放入我的书架
  • 预约/预借图书
  • 作者相关作品
  • 分类相关作品
  • 丛书相关作品
  • 出版社相关作品

书目信息

  • 表格格式
  • 工作单格式
  • 卡片格式
题名:
固体中的波
    
 
作者: 郭自强 编著
分册:  
出版信息: 北京   地震出版社  1982
页数: 352页
开本: 21cm
丛书名:
单 册:
中图分类: O347.4
科图分类:
主题词: 固体-波 , 波-固体
电子资源:
ISBN:
000 00594nam0 2200241 45
001 0182001368
005 20060816080836.23
010    @dCNY1.40
091    @a13180.171
100    @a19950623d1982 em y0chiy0121 ea
101 0  @achi
102    @aCN@b110000
105    @ay z 000yy
200 10 @a固体中的波@Agu ti zhong de bo@f郭自强编著
210    @a北京@c地震出版社@d1982
215    @a352页@d21cm
606    @a固体-波
606    @a波-固体
690    @aO347.4@v3
701  0 @a郭自强@Aguo zi qiang@4编著
801  2 @aCN@bNLC@c20060816
801  0 @aCN@bTSSF
905    @a10447@dO347.4@e10
    
    固体中的波/郭自强编著.-北京:地震出版社,1982
    352页;21cm
    
    
    ISBN :CNY1.40
    
●
相关链接 在E读中查询图书 在五车中查询图书 在当当中查询图书 在豆瓣中查询图书


正题名:固体中的波     索取号:O347.4/10         预约/预借

序号 登录号 条形码 馆藏地/架位号 状态 备注
1 0461774   204617744   密集书库/ [索取号:O347.4/10] 在馆    
唐山师范学院图书馆 欢迎您!
大连网信软件有限公司© 版权所有